Prolapso genital (Record no. 31062)
[ view plain ]
| 000 -LEADER | |
|---|---|
| campo de control de longitud fija | 00473nam a2200157 i 4500 |
| 001 - NÚMERO DE CONTROL | |
| campo de control | 31062 |
| 003 - IDENTIFICADOR DE NÚMERO DE CONTROL | |
| campo de control | ES-MaACL |
| 007 - CAMPO FIJO DE DESCRIPCIÓN FÍSICA--INFORMACIÓN GENERAL | |
| campo de control de longitud fija | t| |
| 008 - DATOS DE LONGITUD FIJA--INFORMACIÓN GENERAL | |
| campo de control de longitud fija | 030128s1945 ag ||||1| spa d |
| 100 1# - ENTRADA PRINCIPAL--NOMBRE DE PERSONA | |
| Nombre de persona | Belloso, Rogelio A. |
| 9 (RLIN) | 27273 |
| 245 10 - MENCIÓN DEL TÍTULO | |
| Título | Prolapso genital |
| Resto del título | : (estudio completo) / |
| Mención de responsabilidad, etc. | Rogelio A. Belloso. |
| 250 ## - MENCION DE EDICION | |
| Mención de edición | 2ª ed corr. y aum. |
| 260 ## - PUBLICACIÓN, DISTRIBUCIÓN, ETC. | |
| Lugar de publicación, distribución, etc. | Buenos Aires : |
| Nombre del editor, distribuidor, etc. | Edit. Médico-quirúrgica, |
| Fecha de publicación, distribución, etc. | 1945. |
| 300 ## - DESCRIPCIÓN FÍSICA | |
| Extensión | 125 p. : |
| Otras características físicas | il. ; |
| Dimensiones | 25 cm. |
| 852 ## - LOCALIZACIÓN | |
| Ubicación | ES-MaACL |
| Número de control de estantería | E-345 |
| Sublocalización o colección | R.22070 |
| Estatus retirado | Estado de pérdida | Estado de daño | No para préstamo | Biblioteca de origen | Biblioteca actual | Ubicación en estantería | Fecha de adquisición | Fuente de adquisición | Total de préstamos | Signatura topográfica completa | Código de barras | Visto por última vez | Precio de reemplazo | Tipo de ítem Koha |
|---|---|---|---|---|---|---|---|---|---|---|---|---|---|---|
| Biblioteca del Ateneo de Madrid | Biblioteca del Ateneo de Madrid | Depósito 2 | 17/01/2008 | E-345 | 1032090 | 23/02/2023 | 23/02/2023 | Libro impreso |
